| Tag |
First Indicator |
Second Indicator |
Subfields |
| LEADER |
00000cam a2200000 4500 |
| 001 |
in00001572829 |
| 005 |
20220103181250.0 |
| 006 |
m u |
| 007 |
cr cn||||||||| |
| 008 |
001008s1996 nbu sb 100 0 eng |
| 010 |
|
|
|z 95083916
|
| 020 |
|
|
|a 0585125775 (electronic bk.) :
|c $30.00
|
| 020 |
|
|
|z 1881871215
|
| 035 |
|
|
|a 16414
|b (N$T)
|
| 035 |
|
|
|a nL16414
|
| 040 |
|
|
|a N$T
|c N$T
|d UtOrBLW
|
| 043 |
|
|
|a e-sp---
|a n------
|a nc-----
|
| 050 |
1 |
0 |
|a BM354.S7
|b R45 1996eb
|
| 082 |
0 |
4 |
|a 296/.09/031
|2 21
|
| 245 |
0 |
0 |
|a Religion in the age of exploration :
|b the case of Spain and New Spain /
|c Bryan F. Le Beau, Menachem Mor, editors.
|
| 264 |
|
1 |
|a Omaha, Neb. :
|b Creighton University Press,
|c [1996]
|
| 264 |
|
2 |
|a Bronx, N.Y. :
|b Fordham University Press [distributor]
|
| 264 |
|
4 |
|c ©1996
|
| 300 |
|
|
|a xvi, 161 pages ;
|c 24 cm.
|
| 336 |
|
|
|a text
|b txt
|2 rdacontent
|
| 337 |
|
|
|a computer
|b c
|2 rdamedia
|
| 338 |
|
|
|a online resource
|b cr
|2 rdacarrier
|
| 490 |
1 |
|
|a Studies in Jewish civilization,
|x 1070-8510 ;
|v 5
|
| 500 |
|
|
|a "Center for the Study of Religion and Society, the Klutznick Chair in Jewish Civilization."
|
| 500 |
|
|
|a "Most of the papers in this collection were delivered at the Fifth Annual Symposium of the Philip M. and Ethel Klutznick Chair in Jewish Civilization at Creighton University on October 25 and 26, 1992"--P. ix.
|
| 504 |
|
|
|a Includes bibliographical references.
|
| 533 |
|
|
|a Electronic reproduction.
|b Boulder, Colo. :
|c NetLibrary,
|d 2000.
|n Available via World Wide Web.
|n Access may be limited to NetLibrary affiliated libraries.
|
| 500 |
|
|
|a Electronic resource.
|
| 650 |
|
0 |
|a Judaism
|z Spain
|x History
|x Congresses.
|
| 650 |
|
0 |
|a Jews
|z New Spain
|x Congresses.
|
| 650 |
|
0 |
|a Sephardim
|z New Spain
|x Congresses.
|
| 651 |
|
0 |
|a New Spain
|x Ethnic relations
|x Congresses.
|
| 655 |
|
0 |
|a Electronic books.
|
| 700 |
1 |
|
|a LeBeau, Bryan F.
|0 http://id.loc.gov/authorities/names/n84225028
|
| 700 |
1 |
|
|a Mor, Menahem.
|0 http://id.loc.gov/authorities/names/n78014209
|
| 710 |
2 |
|
|a NetLibrary, Inc.
|0 http://id.loc.gov/authorities/names/no99080690
|
| 710 |
2 |
|
|a Creighton University.
|b Center for the Study of Religion and Society.
|0 http://id.loc.gov/authorities/names/n91028107
|
| 710 |
2 |
|
|a Philip M. and Ethel Klutznick Chair in Jewish Civilization.
|b Symposium
|n (5th :
|d 1992 :
|c Creighton University)
|
| 776 |
0 |
|
|c Original
|w (DLC) 95083916
|
| 830 |
|
0 |
|a Studies in Jewish civilization.
|x 1070-8510 ;
|v 5.
|0 http://id.loc.gov/authorities/names/n91028114
|
| 856 |
4 |
1 |
|u https://proxy.library.tamu.edu/login?url=http://www.netLibrary.com/urlapi.asp?action=summary&v=1&bookid=16414
|z Connect to the full text of this electronic book
|t 0
|
| 999 |
|
|
|a MARS
|
| 999 |
f |
f |
|s 1273857c-570f-37d8-9207-99e1eb7b707d
|i 6f4ae076-9db8-37f4-8929-47c8dd2c93f6
|t 0
|
| 952 |
f |
f |
|a Texas A&M University
|b College Station
|c Electronic Resources
|d Available Online
|t 0
|e BM354.S7 R45 1996eb
|h Library of Congress classification
|
| 998 |
f |
f |
|a BM354.S7 R45 1996eb
|t 0
|l Available Online
|